| 000 | 00430pab a2200157 454500 | ||
|---|---|---|---|
| 008 | 180718b2002 xxu||||| |||| 00| 0 eng d | ||
| 100 | _aMorris, Jonathan | ||
| 245 | _aPrivatization, Chinese style; economic reform and state-owned enterprises | ||
| 260 | _c2002 | ||
| 300 | _ap.359-73 | ||
| 650 | _aEconomic reform | ||
| 700 | _aSheehan, Jackie | ||
| 700 | _aHazzard, John | ||
| 773 | _aPublic Administration | ||
| 909 | _a52845 | ||
| 999 |
_c52845 _d52845 |
||